1155 1206 1987 1732 2000 1387 1447 1603 1891 1433 1173 1813 1701 1010 1889 1006 1569 1435 1525 1790 1037 1782 1153 1996 1638 1744 1004 1413 1029 1700 1089 1963 1919 1213 1565 1970 1179 1087 1136 1376 1512 1585 1676 1220 1421 1623 1628 1167 1984 1991 1384 1151 1712 1896 1321 1621 1391 1349 1203 1773 1491 1134 1982 1665 1683 1514 1616 1630 1903 1175 1796 1058 1002 1255 1978 1831 1424 1588 1267 1371 1910 1016 1550 1854 1170 1677 1825 1154 1143 1032 1437 1591 1828 1267 1432 1044 1523 1867 1707 BCNSPRNW ULIB Ver.6.0+V

เปลี่ยนเป็นภาษาไทย

Change to English
 แสดงรายละเอียดบรรณานุกรม
  กลับหน้าหลัก

Brief Record : Get Marc (ISO 2709) : E-mail record : QR code < ปิดหน้าต่าง
LEADER : 00000nam 2200000uu 4500
001    13399113225
003     ULIB
008    111003s2548||||th 000 0 tha d
020    9744725109
050  4 QC21.2^bJ111ฟ 2548
100 1  จอห์นสัน, คีท
245 10 ฟิสิกส์ หลักสูตรแห่งชาติระดับมัธยมศึกษา (GCSE) ของประเทศอังกฤษ /^cคีท จอห์นสัน, แปลโดยประมวล ศิริผันแก้ว
246 13 Physic for you
250    พิมพ์ครั้งที่ 6
260    กรุงเทพฯ :^bนานมีบุ๊คส์พับลิเคชั่นส์,^c2548
300    384 หน้า :^bภาพประกอบสี ;^c25 ซม.
500    หนังสือเสริมเพื่อการเรียนวิทยาศาสตร์ระดับมัธยมศึกษา
500    แปลจาก Physic for you by Keith and Ann Johnson
650  4 ฟิสิกส์
700 1  Johnson, Keith
700 0  ประมวล ศิริผันแก้ว,^eผู้แปล
945    ^p450^l0^i022876
945    ^p450^l0^i022877
995    ทศพร
999 ^a ทศพร
รายการนี้ยังไม่มีแท็ก
คุณยังไม่ได้ล็อกอิน คุณสามารถมีกิจกรรมร่วมกับเว็บไซต์ได้ แต่ต้องล็อกอินก่อน ::
  ล็อกอิน

รายการสื่อสารสนเทศ

ลำดับที่ ประเภท เลขเรียก/บาร์โค้ด สถานที่ สถานะ
- ไม่พบข้อมูล -

รายการใกล้เคียง
    ผู้แต่ง [จอห์นสัน, คีท]

    หัวเรื่อง [ฟิสิกส์]

BibComment


ยังไม่เคยถูกคอมเมนท์

คอมเมนท์ทรัพยากรรายการนี้
  คอมเมนท์: ฟิสิกส์ หลักสูตรแ..


 Copyright 2026. Bcnsprnw @Library